000 01793 a2200241 4500
001 25
005 20260407155403.0
008 260407a1988 arg spa d
003 AR-UNSa-BCEJYS
040 _aAR-UNSa-BCEJYS
_bspa
_cAR-UNSa-BCEJYS
080 _a336.14
_xPresupuesto público. Presupuesto nacional
245 1 0 _aAspectos del presupuesto público
020 _a1-557-75014-9
264 1 _aWashington :
_bFondo Monetario Internacional
_c1988
300 _ax, 285 p.
_c23 cm.
505 _a1. Introducción - 2. Parámetros de política fiscal en la formulación de presupuestos - 3. El crecimiento del gasto público: repaso del análisis cuantitativo - 4. Temas recurrentes eb materia de elaboración del presupuesto - 5. Deuda pública, inflación y déficit fiscal - 6. Programación financiera y proyecciones de los gastos públicos - 7. El control del gasto: cuestiones políticas, institucionales y operativas - 8. Cuestiones económicas en los programas de crédito oficial - 9. Enseñanzas que deben recoger los PRI y los PMD de los resultados obtenidos por las democracias industrializadas en materia presupuestaria - 10. El presupuesto en condiciones de inflación - 11. La ejecución del presupuesto y el manejo de caja - 12. Contabilidad gubernamental y sistemas de información financiera - 13. Gestión de la deuda pública interna y externa - 14. El Estado y las empresas públicas: relaciones presupuestarias - 15. Financiamiento de las empresas públicas
041 _aspa
942 _cBK
590 _aniveau_biblio:m niveau_hierar:0
100 1 _aAntonaya, A. L.
700 1 _aPremchand, A.
856 4 1 _uhttps://biblioeco.unsa.edu.ar/pmb/images/libros/Aspectos del presupuesto p?blico Premchand, A. ; Antonaya, A. L. (1988).jpg
_yImagen de portada
_qimage/jpeg
999 _c20
_d20